Raktárlogisztikai folyamatok korszerűsítése a Robert Bosch Energy and Body Systems Kft-nél

Bibliographic Details
Main Author: Tilaji Ádám
Other Authors: Király Dr. Éva
Format: Thesis
Kulcsszavak:Logisztika
raktár
korszerűsítés
Online Access:http://dolgozattar.uni-bge.hu/14986

MARC

LEADER 00000nta a2200000 i 4500
001 dolg14986
005 20180828152214.0
008 180425suuuu hu om 000 hun d
040 |a BGE Dolgozattár Repozitórium  |b hun 
041 |a hu 
100 1 |a Tilaji Ádám 
245 1 0 |a Raktárlogisztikai folyamatok korszerűsítése a Robert Bosch Energy and Body Systems Kft-nél  |c Tilaji Ádám  |h [elektronikus dokumentum] 
695 |a Logisztika 
695 |a raktár 
695 |a korszerűsítés 
700 1 |a Király Dr. Éva  |e ths 
856 4 0 |u http://dolgozattar.uni-bge.hu/14986/1/Tilaji_%C3%81d%C3%A1m_Szakdolgozat.pdf  |z Dokumentum-elérés